Munzwa mundove / (Record no. 5286)
[ view plain ]
| 000 -LEADER | |
|---|---|
| fixed length control field | 00765nam a22002777a 4500 |
| 001 - CONTROL NUMBER | |
| control field | 12409615 |
| 003 - CONTROL NUMBER IDENTIFIER | |
| control field | GZU |
| 005 - DATE AND TIME OF LATEST TRANSACTION | |
| control field | 20210331094232.0 |
| 008 - FIXED-LENGTH DATA ELEMENTS--GENERAL INFORMATION | |
| fixed length control field | 010403s1999 rh 000 0 sna |
| 010 ## - LIBRARY OF CONGRESS CONTROL NUMBER | |
| LC control number | 00379802 |
| 020 ## - INTERNATIONAL STANDARD BOOK NUMBER | |
| International Standard Book Number | 1779003277 |
| 035 ## - SYSTEM CONTROL NUMBER | |
| System control number | (DLC) 00379802 |
| 040 ## - CATALOGING SOURCE | |
| Original cataloging agency | DLC |
| Transcribing agency | DLC |
| 042 ## - AUTHENTICATION CODE | |
| Authentication code | lcode |
| 050 00 - LIBRARY OF CONGRESS CALL NUMBER | |
| Classification number | PL8681 |
| 100 1# - MAIN ENTRY--PERSONAL NAME | |
| Personal name | Mahanya, Morgan, |
| Dates associated with a name | 1948- |
| 245 10 - TITLE STATEMENT | |
| Title | Munzwa mundove / |
| Statement of responsibility, etc. | Morgan Mahanya. |
| 260 ## - PUBLICATION, DISTRIBUTION, ETC. | |
| Place of publication, distribution, etc. | Harare, Zimbabwe : |
| Name of publisher, distributor, etc. | College Press, |
| Date of publication, distribution, etc. | 1999. |
| 300 ## - PHYSICAL DESCRIPTION | |
| Extent | 160 p. ; |
| Dimensions | 21 cm. |
| 520 ## - SUMMARY, ETC. | |
| Summary, etc. | A novel. |
| 546 ## - LANGUAGE NOTE | |
| Language note | In Shona. |
| 830 #0 - SERIES ADDED ENTRY--UNIFORM TITLE | |
| Uniform title | Modern writers (Harare, Zimbabwe) |
| 906 ## - LOCAL DATA ELEMENT F, LDF (RLIN) | |
| a | 7 |
| b | cbc |
| c | origode |
| d | 3 |
| e | ncip |
| f | 20 |
| g | y-gencatlg |
| 942 ## - ADDED ENTRY ELEMENTS (KOHA) | |
| Source of classification or shelving scheme | Library of Congress Classification |
| Koha item type | Books |
| Classification part | 8681 |
| Item part | MAH |
| Call number prefix | PL |
| Call number suffix | 1999 |
| Withdrawn status | Lost status | Damaged status | Not for loan | Collection code | Home library | Current library | Shelving location | Date acquired | Total Checkouts | Full call number | Barcode | Date last seen | Copy number | Price effective from | Koha item type |
|---|---|---|---|---|---|---|---|---|---|---|---|---|---|---|---|
| Fiction | City Campus Library | City Campus Library | General Stacks | 03/31/2021 | PL8681 MAH 1999 | G22070 | 03/31/2021 | c.1 | 03/31/2021 | Books | |||||
| Fiction | City Campus Library | City Campus Library | General Stacks | 04/12/2021 | PL8681 MAH 1999 | G21859 | 04/12/2021 | c.2 | 04/12/2021 | Books |